| 000 | 00360nam a2200109Ia 4500 | ||
|---|---|---|---|
| 008 | 171211s9999 xx 000 0 und d | ||
| 245 | _aDeveloping Secure Applications with Visual Basic | ||
| 245 | _cDavis Chapman | ||
| 260 | _c2000 | ||
| 650 | _xIT eBOOKS | ||
| 856 | _uhttp://down.ebook777.com/020/Developing%20Secure%20Applications%20with%20Visual%20Basic.pdf | ||
| 999 |
_c349878 _d349878 |
||